000 00315nam a22001337a 4500
020 _a 0000000572347
040 _cNUST
082 _a891.4393 ASL
100 _aAslam Rahi
_988364
245 _aHalaku Khan
260 _aLAHORE:
_bAmmar Publications,
_c2018.
650 _aUrdu Adab-Novel
_989486
942 _2ddc
_cBK
999 _c587598
_d587598